| 000 | 01556cam a22003615i 4500 | ||
|---|---|---|---|
| 999 |
_c3946 _d3946 |
||
| 003 | EG-ScBUE | ||
| 005 | 20191229102401.0 | ||
| 008 | 110710r20061998at a f 000 0 eng d | ||
| 020 | _a019554093X | ||
| 020 | _a9780195540932 | ||
| 040 |
_aEG-ScBUE _beng _erda _cEG-ScBUE _dEG-ScBUE _dEG-ScBUE |
||
| 082 | 0 | 4 |
_a428.24076 _bSAH _222 |
| 100 | 1 |
_aSahanaya, Wendy, _d1940- _eauthor. _914311 |
|
| 245 | 1 | 0 |
_aIELTS preparation and practice. _pReading and writing. _pAcademic module / _cWendy Sahanaya, Jeremy Lindeck, Richard Stewart. |
| 250 | _aReprint edition. | ||
| 264 | 1 |
_aMelbourne, Australia : _bOxford University Press ; _aJakarta : _bIndonesia Australia Language Foundation, _c2006. |
|
| 300 |
_aiv, 172 pages : _billustrations ; _c25 cm |
||
| 336 |
_atext _btxt _2rdacontent |
||
| 337 |
_aunmediated _bn _2rdamedia |
||
| 338 |
_avolume _bnc _2rdacarrier |
||
| 500 | _aFirst published by 1998. | ||
| 650 | 7 |
_aInternational English Language Testing System _vStudy guides. _2BUEsh _936012 |
|
| 650 | 7 |
_aEnglish language _vExaminations, questions, etc. _2BUEsh |
|
| 650 | 7 |
_aEnglish language _vTextbooks for foreign speakers. _2BUEsh |
|
| 650 | 7 |
_aEnglish language _vSound recordings for foreign speakers. _2BUEsh _936029 |
|
| 650 | 7 |
_aEnglish language _vStudy and teaching as a second language. _2BUEsh |
|
| 650 | 7 |
_aEnglish language _xStudy and teaching _xForeign speakers. _2BUEsh |
|
| 653 |
_bHHUUEENN _cNovember2018 |
||
| 655 | _vReading book | ||
| 700 | 1 |
_aLindeck, Jeremy, _eauthor. _926236 |
|
| 700 | 1 |
_aStewart, Richard, _eauthor. _926237 |
|
| 942 |
_2ddc _cBB |
||